| Tag |
First Indicator |
Second Indicator |
Subfields |
| LEADER |
00000cam a2200000 i 4500 |
| 001 |
in00005466521 |
| 008 |
231025t20242024iluach cb 001 0deng d |
| 005 |
20250318214958.0 |
| 010 |
|
|
|a 2024930310
|
| 020 |
|
|
|a 9780300275742
|
| 020 |
|
|
|a 0300275749
|
| 035 |
|
|
|a (OCoLC)on1405844063
|
| 035 |
|
|
|a (OCoLC)1405844063
|
| 040 |
|
|
|a YDX
|b eng
|e rda
|e rda
|c YDX
|d BP1
|d ILO
|d JM9
|d OCLCO
|d BDX
|d NLRIJ
|d OCLCO
|d TEU
|d OCLCO
|d TJC
|d DLC
|d FNE
|d OCLCO
|d CUY
|
| 043 |
|
|
|a n-us-il
|
| 050 |
|
4 |
|a N6537.R2375
|b A4 2024
|
| 050 |
|
4 |
|a N6537.R2473
|b A4 2024
|
| 082 |
0 |
4 |
|a 759.13
|2 22/eng/2003
|
| 245 |
0 |
0 |
|a Christina Ramberg :
|b a retrospective /
|c edited by Thea Liberty Nichols and Mark Pascale ; with contributions by Anna Katz, Judith Russi Kirshner, Riva Lehrer, Thea Liberty Nichols, Mark Pascale, Ricky Swallow, and Lorri Gunn Wirsum.
|
| 250 |
|
|
|a First edition.
|
| 264 |
|
1 |
|a Chicago, IL :
|b Art Institute of Chicago,
|c [2024]
|
| 264 |
|
2 |
|a New Haven, CT :
|b Distributed by Yale University Press
|
| 264 |
|
4 |
|c ©2024
|
| 300 |
|
|
|a 253 pages :
|b illustrations (chiefly color), facsimilies, portraits ;
|c 29 cm
|
| 336 |
|
|
|a text
|b txt
|2 rdacontent
|
| 336 |
|
|
|a still image
|b sti
|2 rdacontent
|
| 337 |
|
|
|a unmediated
|b n
|2 rdamedia
|
| 338 |
|
|
|a volume
|b nc
|2 rdacarrier
|
| 500 |
|
|
|a Published on the occasion of an exhibition with the same name held at the Art Institute of Chicago, Chicago, Illinois, April 20-August 11, 2024; The Hammer Museum, Los Angeles, California, October 6, 2024-January 5, 2025; and Philadelphia Museum of Art, February 8-June 1, 2025.
|
| 504 |
|
|
|a Includes bibliographical references and index (pages 249-252).
|
| 505 |
0 |
0 |
|t Artist, mentor, mother, friend /
|r Mark Pascale --
|t Parallel manipulations : Christina Ramberg's art and archives /
|r Thea Liberty Nichols --
|t Christina Ramberg's diary : 1969-1980 /
|r Judith Russi Kirshner --
|t Building blocks : Christina Ramberg's quilts /
|r Anna Katz --
|t Body parting /
|r Riva Lehrer --
|t Forms on collecting /
|r Ricky Swallow --
|t Remembering Chris /
|r Lorri Gunn Wirsum --
|t Works in the exhibition.
|
| 520 |
|
|
|a "While best known for her stylized paintings of fragmented female bodies, throughout her brief yet focused career, she vacillated between the depiction of various figural elements--hair, hands, torsos, and garments--while also creating equally rich, abstracted forms that emphasize structure and surface. This retrospective presents approximately 100 works from public and private collections, with several key pieces drawn from the Art Institute's collection. From intimate early paintings focused on the pattern and form of women's hairstyles and garments, to mature work featuring cropped female torsos in lingerie that contains and restrains, the exhibition presents her most iconic imagery while grappling with all phases and elements of Ramberg's continually evolving career. During the mid- to late 1970s, Ramberg pushed her boundary-blurring paintings into a new mode that straddled figuration and abstraction while still questioning idealized body types and gender presentation. These paintings are joined in the exhibition by the artist's experimental quilts of the late 1980s, when her pioneering obsession with handicraft, garment construction, and domestic textiles led her to abandon painting and focus fully on quilt making. The show additionally includes her final body of work as she returned once again to painting, making dark geometric abstractions that still reveal traces of her lifelong fascination, the human torso. The exhibition also recognizes that, in addition to her devotion to drawing, painting, printmaking, and quilting, Ramberg was a note-taker, slide-maker, collector, and diarist. Sketchbooks, 35mm slides, and dolls from Ramberg's informal archive of ephemera offer a fuller understanding of the artist's practice and how she digested an enormous breadth of source material to create her edgy yet empathetic body of work, or as she once put it, '[made] from my obsessions and ideas the strongest, most coherent visual statement possible.' " - exhibition website, viewed 5/3/2024.
|
| 600 |
1 |
0 |
|a Ramberg, Christina
|v Exhibitions.
|
| 600 |
1 |
0 |
|a Ramberg, Christina
|v Catalogs.
|
| 630 |
0 |
0 |
|a Mixed media.
|
| 650 |
|
0 |
|a Chicago Imagists (Group of artists)
|v Exhibitions.
|
| 650 |
|
0 |
|a Women artists
|y 20th century
|v Exhibitions.
|
| 650 |
|
0 |
|a Art
|z Illinois
|z Chicago
|v Exhibitions.
|
| 650 |
|
0 |
|a Women in art
|v Exhibitions.
|
| 650 |
|
0 |
|a Painting.
|
| 650 |
|
0 |
|a Scrapbooks.
|
| 650 |
|
0 |
|a Photography.
|
| 650 |
|
0 |
|a Drawing.
|
| 650 |
|
0 |
|a Diaries.
|
| 650 |
|
0 |
|a Quilts.
|
| 650 |
|
0 |
|a Textile fabrics.
|
| 650 |
|
0 |
|a Posters.
|
| 650 |
|
0 |
|a Fashion.
|
| 650 |
|
0 |
|a Hair.
|
| 650 |
|
0 |
|a Dolls.
|
| 650 |
|
6 |
|a Femmes artistes
|y 20e siècle
|v Expositions.
|
| 650 |
|
6 |
|a Art
|z Illinois
|z Chicago
|v Expositions.
|
| 650 |
|
6 |
|a Femmes dans l'art
|v Expositions.
|
| 650 |
|
6 |
|a Albums de coupures.
|
| 650 |
|
6 |
|a Journaux intimes.
|
| 650 |
|
6 |
|a Textiles et tissus.
|
| 650 |
|
6 |
|a Affiches.
|
| 650 |
|
6 |
|a Poupées.
|
| 650 |
|
7 |
|a scrapbooks.
|2 aat
|
| 650 |
|
7 |
|a diaries.
|2 aat
|
| 650 |
|
7 |
|a cloth.
|2 aat
|
| 650 |
|
7 |
|a posters.
|2 aat
|
| 650 |
|
7 |
|a dolls (figurines)
|2 aat
|
| 650 |
|
7 |
|a Chicago Imagists (Group of artists)
|2 fast
|
| 650 |
|
7 |
|a Women artists.
|2 fast
|
| 653 |
|
4 |
|a 1900-1999
|
| 655 |
|
7 |
|a exhibition catalogs.
|2 aat
|
| 655 |
|
7 |
|a Exhibition catalogs.
|2 fast
|
| 655 |
|
7 |
|a Exhibition catalogs.
|2 lcgft
|
| 655 |
|
7 |
|a Catalogues d'exposition.
|2 rvmgf
|
| 700 |
1 |
|
|a Ramberg, Christina,
|e artist.
|1 https://id.oclc.org/worldcat/entity/E39PBJrRfWK6VrVgkMcjWW3WjC
|
| 700 |
1 |
|
|a Nichols, Thea Liberty,
|e editor.
|1 https://id.oclc.org/worldcat/entity/E39PCjCtpK4qP9RRDQ47cx8MxC
|
| 700 |
1 |
|
|a Pascale, Mark,
|d 1954-
|e editor.
|1 https://id.oclc.org/worldcat/entity/E39PCjGqtXp3rDKyGWDbyphF4y
|
| 700 |
1 |
|
|a Kirshner, Judith Russi,
|e contributor.
|1 https://id.oclc.org/worldcat/entity/E39PCjBkFbcGgtrPyhtytjgPKm
|
| 700 |
1 |
|
|a Katz, Anna,
|d 1981-
|e contributor.
|1 https://id.oclc.org/worldcat/entity/E39PCjrG8jvjwvDc7Y3jTpMbbb
|
| 700 |
1 |
|
|a Lehrer, Riva,
|d 1958-
|e contributor.
|1 https://id.oclc.org/worldcat/entity/E39PBJfCqHF3rcjQbwkMXkVKVC
|
| 700 |
1 |
|
|a Swallow, Ricky,
|d 1974-
|e contributor.
|1 https://id.oclc.org/worldcat/entity/E39PBJtCDt7bFmxbVfh7FVpQMP
|
| 700 |
1 |
|
|a Gunn Wirsum, Lorri
|e contributor.
|
| 710 |
2 |
|
|a Art Institute of Chicago,
|e host institution.
|
| 852 |
8 |
|
|b pda,print
|z This title is available for the library to purchase for your use. Click the "Purchase It For Me" button to place a request. This item may take 5-10 business days to arrive.
|
| 955 |
|
|
|a Print PDA title
|
| 961 |
|
|
|m 565730
|
| 999 |
f |
f |
|s c1049d6a-f523-467e-af76-2fdfeaf71e51
|i 5d366e6a-b276-4d27-9a9f-bf84423a804b
|t 0
|
| 952 |
f |
f |
|a Texas A&M University
|b College Station
|c Sterling C. Evans Library
|d Purchase on Demand
|t 0
|e N6537.R2375 A4 2024
|h Library of Congress classification
|
| 998 |
f |
f |
|a N6537.R2375 A4 2024
|t 0
|l Purchase on Demand
|